000 nam a22 7a 4500
999 _c15403
_d15403
008 161031b xxu||||| |||| 00| 0 eng d
020 _a0022801766
020 _a9780022801762
050 _aQ 181 .S35 2000
100 _aMcGraw-Hill Edition
245 _aMcGraw-Hill science :
_bMacmillan/McGraw-Hill edition (grade 4)/
_cMcGraw-Hill Edition.
260 _aNew York :
_b Macmillan/McGraw-Hill School Pub. Co.,
_c2000.
300 _a204p. :
_bill. ;
_c28cm.
500 _aIncludes bibliography and index.
650 _a Science
_xStudy and teaching (Elementary).
942 _2lcc
_cBOOKS
_hQ 181 .S35 2000